000 00947nam a22002297i 4500
999 _c23029
_d23029
003 AR-CdUCM
008 240910b pe||||| |||| 00| 0 spa d
040 _aMUNICIPALIDAD PROVINCIAL DEL CUSCO
_cBIBLIOTECA MUNICIPAL DEL CUSCO
041 _hspa
082 _a503 / O85
_bO85
100 _aOtalvaro, Patricia Sandra (Compilador). | Rozo, Humberto (Compilador).
_950329
245 _aDiccionario Textil :
_bSu Asesor /
300 _a747 páginas. :
_c21 cm.
505 _aAspe -- Blanqueo al ancho -- Bobinadora -- Cámara de polimerizar resinas sintéticas -- Carda -- Circulares con ruedas de platinas -- Colorímetro -- Continua de hilar -- Continua de retorcer y torcer -- Chamuscadora -- Dralón
650 _aDiccionario Textil
_950330
650 _aQuímica Aplicada
_950331
650 _aTejidos
_940187
650 _aColorimetría
_950332
650 _aTécnicas de tejido
_950333
942 _2ddc
_cLIBROS
945 _apbj
_d2024-09-10